Encyclopaedia Universalis-Universalia 1981 (Record n. 65079)
[ formato base ]
| 000 -LEADER | |
|---|---|
| fixed length control field | 01287nam a2200325Ia 4500 |
| 001 - CONTROL NUMBER | |
| control field | 18747 |
| 003 - CONTROL NUMBER IDENTIFIER | |
| control field | IT-RoPAU |
| 008 - FIXED-LENGTH DATA ELEMENTS--GENERAL INFORMATION | |
| fixed length control field | 130308s9999 xx 000 0 und d |
| 040 ## - CATALOGING SOURCE | |
| Original cataloging agency | IT-RoPAU |
| 040 ## - CATALOGING SOURCE | |
| Transcribing agency | IT-RoPAU |
| 041 ## - LANGUAGE CODE | |
| Language code of text/sound track or separate title | FRANCESE |
| 999 ## - SYSTEM CONTROL NUMBERS (KOHA) | |
| Koha Dewey Subclass [OBSOLETE] | SI |
| 100 ## - MAIN ENTRY--PERSONAL NAME | |
| Personal name | Bersani Jacques |
| 100 ## - MAIN ENTRY--PERSONAL NAME | |
| Miscellaneous information | Codice Aut. SPICS: 12662 |
| 245 ## - TITLE STATEMENT | |
| Title | Encyclopaedia Universalis-Universalia 1981 |
| 245 ## - TITLE STATEMENT | |
| Remainder of title | Encyclopaedia Universalis-Universalia 1981 |
| 250 ## - EDITION STATEMENT | |
| Edition statement | 1a ed. |
| 260 ## - PUBLICATION, DISTRIBUTION, ETC. (IMPRINT) | |
| Place of publication, distribution, etc. | PARIS |
| 260 ## - PUBLICATION, DISTRIBUTION, ETC. (IMPRINT) | |
| Name of publisher, distributor, etc. | Encyclopaedia Universalis |
| 260 ## - PUBLICATION, DISTRIBUTION, ETC. (IMPRINT) | |
| Date of publication, distribution, etc. | 1981 [1° Ed.:1981 - Ed.Ling.Originale:1981] |
| 300 ## - PHYSICAL DESCRIPTION | |
| Extent | "640 p. (prefazione: no ; testo: 640)" |
| 500 ## - GENERAL NOTE | |
| General note | Avvenimenti Upmini e Problemi del per Ogni Giorno del 1980 Fatti storici relazioni Est Ovest Politica Africana sondaggi di Opinione manipolazione Genetica Afghanistan nucleare psicoterapia Urbanismo Lavoro Nero Cultura in Movimento Opere Culturali Fatti Culturali Film Studi Saggi Note biografiche e Opere di Personaggi Deceduti nell'Anno 1980 ritratti di Personaggi importanti Come: Ronald Regan Lech Walesa Claudio Abbado |
| 650 ## - SUBJECT ADDED ENTRY--TOPICAL TERM | |
| Topical term or geographic name as entry element | ENCICLOPEDIE DI CULTURA GENERALE |
| 650 ## - SUBJECT ADDED ENTRY--TOPICAL TERM | |
| Relator term | Codice materia Spics: 1001 |
| 700 ## - ADDED ENTRY--PERSONAL NAME | |
| Personal name | AA.VV. |
| 700 ## - ADDED ENTRY--PERSONAL NAME | |
| Miscellaneous information | Codice Aut. SPICS: 12000 |
| 942 ## - ADDED ENTRY ELEMENTS (KOHA) | |
| Koha item type | LIBRO |
| 957 ## - | |
| -- | 1 |
| 999 ## - SYSTEM CONTROL NUMBERS (KOHA) | |
| -- | 1 |
| Withdrawn status | Lost status | Damaged status | Not for loan | Home library | Current library | Date acquired | Total Checkouts | Full call number | Date last seen | Price effective from | Koha item type | Public note |
|---|---|---|---|---|---|---|---|---|---|---|---|---|
| Buone Condizioni | Not For Loan | SPICS-MEDIATECA | SPICS-MEDIATECA | 08/03/2013 | 18747 | 08/03/2013 | 08/03/2013 | LIBRO | Progressivo inserimento: 125 / N. Volumi: 1 Copie: 1 Copia Rara: SI / data import: 1 marzo 2013 - By Epidotti, Trombetti, Vaglietti. |